[Event "Copenhagen Chess Challenge 2013"]
[Site "Ballerup"]
[Date "2013.??.??"]
[Round "7"]
[White "Hansen, Mads"]
[Black "Mihajlov, Sebastian"]
[Result "1-0"]
[WhiteElo "2301"]
[BlackElo "2063"]
[PlyCount "75"]
[EventDate "2013.??.??"]
[EventType "swiss"]
[EventRounds "9"]
[EventCountry "DEN"]

1. c4 c6 2. e4 d5 3. exd5 cxd5 4. d4 Nf6 5. Nc3 Nc6 6. Bg5 dxc4 7. Bxc4 e6 8.
Nf3 Be7 9. Rc1 O-O 10. O-O h6 11. Be3 a6 12. Bd3 Nb4 13. Bb1 b5 14. Ne5 Bb7 15.
Qd2 Re8 16. Rfe1 Nbd5 17. Qe2 Nxc3 18. bxc3 Ba3 19. Rcd1 Qd5 20. f3 Rac8 21.
Qd3 Bb2 22. Nxf7 Kxf7 23. Qg6+ Kg8 24. Bxh6 Qd7 25. Re5 Rf8 26. Rxe6 Qf7 27.
Qg5 Rc7 28. Re5 Nh7 29. Qg3 Bxc3 30. Bxg7 Qxg7 31. Bxh7+ Kh8 32. Bg6 Rc6 33.
Rh5+ Kg8 34. Bh7+ Kh8 35. Be4+ Rh6 36. Rxh6+ Qxh6 37. Qe5+ Qf6 38. Qh5+ 1-0

[Event "Copenhagen Chess Challenge 2013"]
[Site "Ballerup"]
[Date "2013.??.??"]
[Round "7"]
[White "Matthiesen, Martin"]
[Black "Rydstrom, Tom"]
[Result "0-1"]
[WhiteElo "2284"]
[BlackElo "2149"]
[PlyCount "100"]
[EventDate "2013.??.??"]
[EventType "swiss"]
[EventRounds "9"]
[EventCountry "DEN"]

1. Nf3 d5 2. d4 Nf6 3. c4 c6 4. Nc3 e6 5. Bg5 dxc4 6. e4 b5 7. e5 h6 8. Bh4 g5
9. Nxg5 hxg5 10. Bxg5 Nbd7 11. exf6 Bb7 12. g3 c5 13. d5 Bh6 14. Bxh6 Rxh6 15.
Qd2 Qxf6 16. O-O-O Kf8 17. Bg2 Ne5 18. Kb1 b4 19. Na4 Nd3 20. Nxc5 Nxc5 21.
Qxb4 Rc8 22. d6 Bxg2 23. d7 Rd8 24. Qxc5+ Kg7 25. Rhe1 Bd5 26. Qc7 Rxh2 27. Rd2
Rhh8 28. f4 Rb8 29. Kc1 Rxb2 30. Re5 Rxd2 31. Kxd2 Kh6 32. Qxa7 Qg6 33. Re3 Kg7
34. Qd4+ f6 35. Kc3 Rd8 36. g4 Qb1 37. Qd2 Rxd7 38. g5 Qa1+ 39. Kb4 Rb7+ 40.
Kc5 Qb2 41. gxf6+ Kf7 42. Qxb2 Rxb2 43. f5 Rxa2 44. fxe6+ Bxe6 45. Rf3 Ra8 46.
Kd4 Rc8 47. Kc3 Kg6 48. Kd4 Bf7 49. Ke5 Rc5+ 50. Kd6 Rf5 0-1

[Event "Copenhagen Chess Challenge 2013"]
[Site "Ballerup"]
[Date "2013.??.??"]
[Round "7"]
[White "Gandrud, Vegar Koi"]
[Black "Lepot, Simon"]
[Result "1/2-1/2"]
[WhiteElo "2251"]
[BlackElo "2075"]
[PlyCount "54"]
[EventDate "2013.??.??"]
[EventType "swiss"]
[EventRounds "9"]
[EventCountry "DEN"]

1. Nf3 Nf6 2. g3 g6 3. Bg2 Bg7 4. O-O O-O 5. d4 d6 6. c4 c6 7. b3 Qa5 8. Bb2
Qh5 9. Re1 Bh3 10. Bh1 Ne4 11. Nfd2 Nxd2 12. Nxd2 Nd7 13. e4 Qxd1 14. Raxd1
Rfd8 15. Bg2 Bxg2 16. Kxg2 b5 17. Ba1 Nb6 18. cxb5 cxb5 19. d5 Bxa1 20. Rxa1
Rdc8 21. Rac1 Rc5 22. b4 Rcc8 23. Nb3 Nc4 24. Nd4 a5 25. bxa5 Kf8 26. Rc2 Rxa5
27. Rec1 Rca8 1/2-1/2

[Event "Copenhagen Chess Challenge 2013"]
[Site "Ballerup"]
[Date "2013.??.??"]
[Round "7"]
[White "Hove, Esben Kjems"]
[Black "Johansen, Johnny Holler"]
[Result "1-0"]
[WhiteElo "2233"]
[BlackElo "2016"]
[PlyCount "73"]
[EventDate "2013.??.??"]
[EventType "swiss"]
[EventRounds "9"]
[EventCountry "DEN"]

1. d4 Nf6 2. c4 g6 3. Nc3 d5 4. Nf3 Bg7 5. Qb3 dxc4 6. Qxc4 O-O 7. e4 c6 8. Bg5
Bg4 9. Be2 Nbd7 10. O-O Rc8 11. Rfd1 Bxf3 12. Bxf3 Qe8 13. e5 Nb6 14. Qb4 Nfd7
15. Qxe7 Qxe7 16. Bxe7 Rfe8 17. Bh4 c5 18. Nb5 cxd4 19. Nd6 Bxe5 20. Nxe8 Rxe8
21. Bxb7 Rb8 22. Bc6 Nc5 23. Bg3 Bxg3 24. hxg3 Ne6 25. Rac1 Rd8 26. b4 Kf8 27.
a4 Ke7 28. Kf1 Kd6 29. Ke2 Rc8 30. Bb5 Rxc1 31. Rxc1 Nd5 32. Rc6+ Ke5 33. Ra6
Nxb4 34. Rxa7 f5 35. Bc4 Nc5 36. f4+ Kf6 37. Rf7# 1-0

[Event "Copenhagen Chess Challenge 2013"]
[Site "Ballerup"]
[Date "2013.??.??"]
[Round "7"]
[White "Thybo, Jesper Sondergaard"]
[Black "Martins, David Pires Tavares"]
[Result "1-0"]
[WhiteElo "2091"]
[BlackElo "2183"]
[PlyCount "63"]
[EventDate "2013.??.??"]
[EventType "swiss"]
[EventRounds "9"]
[EventCountry "DEN"]

1. d4 e6 2. c4 b6 3. e4 Bb7 4. Nc3 Bb4 5. Bd3 f5 6. f3 fxe4 7. fxe4 Bxc3+ 8.
bxc3 Bxe4 9. Qh5+ g6 10. Qe5 Bxg2 11. Bg5 d6 12. Qg3 Bxh1 13. Bxd8 Kxd8 14. Nh3
Nf6 15. Ng5 Re8 16. O-O-O Bc6 17. Re1 Nbd7 18. Nxe6+ Kc8 19. c5 Kb7 20. cxd6
cxd6 21. Qxd6 Rac8 22. Kd2 Bd5 23. Nf4 Bg8 24. Bb5 Rxe1 25. Kxe1 Rxc3 26. Bxd7
Rc1+ 27. Ke2 Bc4+ 28. Nd3 Bxd3+ 29. Kxd3 Rc3+ 30. Ke2 Rc2+ 31. Kd1 Rd2+ 32. Ke1
1-0

[Event "Copenhagen Chess Challenge 2013"]
[Site "Ballerup"]
[Date "2013.??.??"]
[Round "7"]
[White "Andersen, Rune Egede"]
[Black "Brondt, Nicolai Kvist"]
[Result "0-1"]
[WhiteElo "2069"]
[BlackElo "2169"]
[PlyCount "118"]
[EventDate "2013.??.??"]
[EventType "swiss"]
[EventRounds "9"]
[EventCountry "DEN"]

1. e4 c6 2. c4 d5 3. cxd5 cxd5 4. exd5 Nf6 5. Nc3 Nxd5 6. Nf3 Nc6 7. Bb5 Nxc3
8. bxc3 Qd5 9. Qa4 a6 10. Rb1 Bf5 11. Bxc6+ bxc6 12. Rb6 Qe4+ 13. Qxe4 Bxe4 14.
Ba3 Kd8 15. Ke2 Kc7 16. Bc5 e5 17. d4 exd4 18. cxd4 Bxc5 19. dxc5 Rhe8 20. Ke3
Bd5+ 21. Kd3 Reb8 22. Rhb1 Bxa2 23. Rxb8 Rxb8 24. Ra1 Rb2 25. Nd2 Bd5 26. Rxa6
Bxg2 27. f3 Bh3 28. Nc4 Bf1+ 29. Kc3 Rb5 30. Ra7+ Kb8 31. Rxf7 Rxc5 32. Rxg7
Rxc4+ 33. Kd2 Rh4 34. f4 Rxh2+ 35. Ke3 Rh5 36. Ke4 Bh3 37. Re7 Kc8 38. Ra7 Bg2+
39. Ke3 Bd5 40. Kd4 Be6 41. Ke4 Kd8 42. Rb7 Bd7 43. Ra7 Ke7 44. Rb7 Kd6 45. Ra7
Bf5+ 46. Ke3 Bg6 47. Ra8 Rf5 48. Rd8+ Kc7 49. Rd4 Rd5 50. Ra4 c5 51. Ra1 c4 52.
Ra4 Rc5 53. Kd4 Rc6 54. Kc3 Kd6 55. Ra5 Ke6 56. Rb5 Kf6 57. Ra5 Bd3 58. Ra7 Kg6
59. Rb7 Rf6 0-1

[Event "Copenhagen Chess Challenge 2013"]
[Site "Ballerup"]
[Date "2013.??.??"]
[Round "7"]
[White "Skovgaard, Ib"]
[Black "Tandrup, Michael"]
[Result "1/2-1/2"]
[WhiteElo "2028"]
[BlackElo "1977"]
[PlyCount "83"]
[EventDate "2013.??.??"]
[EventType "swiss"]
[EventRounds "9"]
[EventCountry "DEN"]

1. e4 e6 2. d4 d5 3. Nc3 dxe4 4. Nxe4 Bd7 5. Nf3 Bc6 6. Bd3 Nd7 7. Bd2 Ngf6 8.
Neg5 h6 9. Nxe6 Qe7 10. O-O fxe6 11. Bg6+ Kd8 12. Ne5 Nxe5 13. dxe5 Nd7 14. c4
Kc8 15. Qe2 Qh4 16. b4 b6 17. Rfd1 Be7 18. g3 Qh3 19. f4 h5 20. Be4 Bxe4 21.
Qxe4 Rb8 22. Qc6 Rd8 23. Be1 h4 24. Rd3 a5 25. Rad1 axb4 26. Rd6 hxg3 27. hxg3
g5 28. Bf2 gxf4 29. Rxd7 Rxd7 30. Rxd7 Bd8 31. Rg7 fxg3 32. Rxg3 Qf5 33. Rf3
Qg4+ 34. Rg3 Qf5 35. Rg8 Qh3 36. Rg6 Qf5 37. Rxe6 Qg4+ 38. Kh2 Qh5+ 39. Kg2
Qg4+ 40. Bg3 Qe2+ 41. Kh1 Qd1+ 42. Kg2 1/2-1/2

[Event "Copenhagen Chess Challenge 2013"]
[Site "Ballerup"]
[Date "2013.??.??"]
[Round "7"]
[White "Frank Nielsen, Marie"]
[Black "Undheim, Bjarne"]
[Result "1-0"]
[WhiteElo "1984"]
[BlackElo "1836"]
[PlyCount "83"]
[EventDate "2013.??.??"]
[EventType "swiss"]
[EventRounds "9"]
[EventCountry "DEN"]

1. e4 d5 2. exd5 Nf6 3. c4 c6 4. d4 cxd5 5. Nc3 Nc6 6. Nf3 e6 7. h3 Be7 8. Bd3
Nb4 9. c5 Nxd3+ 10. Qxd3 b6 11. Be3 bxc5 12. dxc5 O-O 13. O-O Rb8 14. Rab1 Qa5
15. Qd4 Rb4 16. Qd1 Ba6 17. a3 Rbb8 18. Re1 Qc7 19. b4 Ne4 20. Qc2 Nxc3 21.
Qxc3 Bf6 22. Bd4 Bxd4 23. Qxd4 Bb5 24. Re3 Bd7 25. Ne5 f6 26. Nxd7 Qxd7 27. f4
Rfe8 28. Rd1 Rbd8 29. Ra1 Qc7 30. Rae1 Kf7 31. a4 a6 32. b5 axb5 33. axb5 Qa5
34. b6 Rc8 35. Rc1 Rc6 36. f5 Qa2 37. Ra1 Qc4 38. fxe6+ Rcxe6 39. Qxc4 dxc4 40.
Rxe6 Rxe6 41. b7 Re8 42. c6 1-0

[Event "Copenhagen Chess Challenge 2013"]
[Site "Ballerup"]
[Date "2013.??.??"]
[Round "7"]
[White "Andersen, Troels Baekgaard"]
[Black "Karlsson, Ulf"]
[Result "1/2-1/2"]
[WhiteElo "1837"]
[BlackElo "2004"]
[PlyCount "102"]
[EventDate "2013.??.??"]
[EventType "swiss"]
[EventRounds "9"]
[EventCountry "DEN"]

1. Nf3 Nf6 2. c4 e6 3. g3 d5 4. Bg2 c5 5. cxd5 exd5 6. d4 Nc6 7. O-O Be7 8. Nc3
O-O 9. dxc5 Bxc5 10. Bg5 Be7 11. Nd4 h6 12. Bxf6 Bxf6 13. Nxc6 bxc6 14. Qc2 Bg4
15. Rfd1 Qe7 16. Bf3 Bxf3 17. exf3 Rfd8 18. Rab1 Qc5 19. Rdc1 Rac8 20. Ne4 Qe7
21. Nxf6+ Qxf6 22. Kg2 c5 23. Qc3 Qxc3 24. Rxc3 c4 25. b3 cxb3 26. Rbxb3 Rxc3
27. Rxc3 Rd7 28. f4 Kf8 29. Re3 Rd6 30. Kf3 Ra6 31. a3 Re6 32. Ke2 Re4 33. Rxe4
dxe4 34. f5 Ke7 35. Ke3 Kd6 36. Kxe4 f6 37. Kd4 Kc6 38. Kc4 a6 39. g4 h5 40. h3
h4 41. f4 Kd6 42. a4 Kc6 43. Kb4 Kb6 44. g5 Kc6 45. Kc4 Kd6 46. Kd4 Kc6 47. Kc4
Kd6 48. a5 Kc6 49. g6 Kd6 50. Kd4 Kc6 51. Kc4 Kd6 1/2-1/2

[Event "Copenhagen Chess Challenge 2013"]
[Site "Ballerup"]
[Date "2013.??.??"]
[Round "7"]
[White "Orio, Lars"]
[Black "Jensen, Jonbert"]
[Result "1-0"]
[WhiteElo "1936"]
[BlackElo "1576"]
[PlyCount "59"]
[EventDate "2013.??.??"]
[EventType "swiss"]
[EventRounds "9"]
[EventCountry "DEN"]

1. e4 d6 2. d4 Nf6 3. Bd3 c5 4. c3 cxd4 5. cxd4 Nc6 6. Nf3 Bg4 7. Be3 Qa5+ 8.
Nbd2 Nb4 9. Be2 Rc8 10. O-O g6 11. Nc4 Qd8 12. Qa4+ Bd7 13. Qxb4 b5 14. Na5 Qb6
15. d5 Qa6 16. a4 Rc2 17. axb5 Qc8 18. Bd3 Rc7 19. Nc6 Bg7 20. Nxa7 Qb7 21. b6
O-O 22. Ba6 Qb8 23. Bd3 Ng4 24. Nd4 Nxe3 25. Ndc6 Bxc6 26. Nxc6 Rxc6 27. dxc6
Nxf1 28. Kxf1 Rc8 29. b7 Rd8 30. Qb6 1-0

[Event "Copenhagen Chess Challenge 2013"]
[Site "Ballerup"]
[Date "2013.??.??"]
[Round "7"]
[White "Marthedal, Anton Mehmet Yildiz"]
[Black "Henriksen, Christian Steen"]
[Result "1/2-1/2"]
[WhiteElo "1574"]
[BlackElo "1814"]
[PlyCount "43"]
[EventDate "2013.??.??"]
[EventType "swiss"]
[EventRounds "9"]
[EventCountry "DEN"]

1. c4 e5 2. Nc3 Nc6 3. g3 f5 4. Bg2 Nf6 5. e3 d6 6. Nge2 Be6 7. b3 g6 8. Bb2
Bg7 9. O-O O-O 10. d4 Bc8 11. Qd2 a6 12. Rad1 Qe8 13. Rfe1 g5 14. f4 gxf4 15.
exf4 e4 16. d5 Nb4 17. Nc1 a5 18. a3 Na6 19. Nb5 b6 20. Ne2 Bd7 21. Ned4 Rc8
22. b4 1/2-1/2

[Event "Copenhagen Chess Challenge 2013"]
[Site "Ballerup"]
[Date "2013.??.??"]
[Round "7"]
[White "Vyvyan, Philippe"]
[Black "Ulrich, Thomas"]
[Result "0-1"]
[WhiteElo "1709"]
[BlackElo "2005"]
[PlyCount "78"]
[EventDate "2013.??.??"]
[EventType "swiss"]
[EventRounds "9"]
[EventCountry "DEN"]

1. e4 e6 2. d4 d5 3. e5 c5 4. c3 Nc6 5. Nf3 Bd7 6. a3 f6 7. b4 fxe5 8. dxe5 Qc7
9. Bf4 Nge7 10. b5 Na5 11. Nbd2 Ng6 12. Bg3 c4 13. Nd4 Bc5 14. N2f3 O-O 15. a4
Ne7 16. Be2 Qb6 17. h4 Nf5 18. Nxf5 Rxf5 19. Rb1 Nb3 20. Rxb3 cxb3 21. Bd3 Raf8
22. O-O a6 23. Nd4 Bxd4 24. cxd4 Qxd4 25. Bxf5 Qxd1 26. Bxh7+ Kxh7 27. Rxd1
axb5 28. a5 b4 29. Rb1 Ba4 30. f4 Rc8 31. Bf2 Rc2 32. Bd4 Rc4 33. Be3 d4 34.
Bd2 Rc2 35. Bxb4 b2 36. Kh2 d3 37. Ba3 d2 38. Rd1 Rc1 39. Rxd2 b1=Q 0-1

[Event "Copenhagen Chess Challenge 2013"]
[Site "Ballerup"]
[Date "2013.??.??"]
[Round "8"]
[White "Hector, Jonny"]
[Black "Mikkelsen, Nikolaj"]
[Result "1-0"]
[WhiteElo "2510"]
[BlackElo "2417"]
[PlyCount "119"]
[EventDate "2013.??.??"]
[EventType "swiss"]
[EventRounds "9"]
[EventCountry "DEN"]

1. e4 c5 2. Nf3 Nc6 3. d4 cxd4 4. Nxd4 Nf6 5. Nc3 d6 6. Bc4 Bd7 7. O-O g6 8.
Nxc6 Bxc6 9. Nd5 Bg7 10. Bg5 O-O 11. Bxf6 Bxf6 12. Nxf6+ exf6 13. Qd4 f5 14.
exf5 Qg5 15. f3 Qxf5 16. Rf2 Qc5 17. Rd1 Rae8 18. Rfd2 Re7 19. b4 Qg5 20. h4
Qg3 21. Qf2 Qxf2+ 22. Kxf2 Ba4 23. Bb3 Bxb3 24. cxb3 Rfe8 25. Kf1 Rc8 26. Rxd6
Rc2 27. R6d2 Rec7 28. Ke2 Re7+ 29. Kf2 Rec7 30. Re2 Kg7 31. Rdd2 Rc1 32. Re4
Kf8 33. g4 R7c2 34. Ke2 Rxd2+ 35. Kxd2 Rh1 36. a4 Rxh4 37. Rc4 Rh2+ 38. Kd3 Rb2
39. Rc8+ Kg7 40. Kc3 Rg2 41. Rc7 h5 42. gxh5 gxh5 43. Rxb7 h4 44. Rd7 h3 45.
Rd4 Rg6 46. Rd2 Rg2 47. Rd1 h2 48. Rh1 Kf6 49. b5 Ke5 50. a5 Kd6 51. b4 Kd5 52.
Rd1+ Ke6 53. Rh1 Kd5 54. Kb3 f5 55. a6 Rf2 56. b6 Rxf3+ 57. Ka4 axb6 58. Rxh2
Rf1 59. Kb5 Ra1 60. Kxb6 1-0

[Event "Copenhagen Chess Challenge 2013"]
[Site "Ballerup"]
[Date "2013.??.??"]
[Round "8"]
[White "Danielsen, Henrik"]
[Black "Andersen, Mads"]
[Result "1-0"]
[WhiteElo "2500"]
[BlackElo "2484"]
[PlyCount "87"]
[EventDate "2013.??.??"]
[EventType "swiss"]
[EventRounds "9"]
[EventCountry "DEN"]

1. Nf3 c5 2. g3 Nc6 3. Bg2 g6 4. O-O Bg7 5. c3 Nf6 6. d4 cxd4 7. cxd4 d5 8. Ne5
O-O 9. Nc3 Bf5 10. Nxc6 bxc6 11. Na4 Ne4 12. Be3 Re8 13. Rc1 Rc8 14. b3 Qa5 15.
Re1 h5 16. Bf1 Qd8 17. f3 Nd6 18. Bf2 Bh6 19. Rc5 Qd7 20. e3 Rc7 21. Ba6 Bg7
22. Rc1 Qd8 23. Nc5 e5 24. dxe5 Bxe5 25. Qd2 Bh3 26. Nd3 Bg7 27. Nf4 Bc8 28.
Bf1 h4 29. gxh4 Nf5 30. h5 gxh5 31. Kh1 Nh4 32. Bxh4 Qxh4 33. Bb5 d4 34. Rg1
dxe3 35. Qg2 Bg4 36. fxg4 hxg4 37. Qxg4 Qxg4 38. Rxg4 Kf8 39. Bc4 Bh6 40. Rf1
Ke7 41. Bxf7 e2 42. Nxe2 Rf8 43. Re4+ Kd8 44. Rd1+ 1-0

[Event "Copenhagen Chess Challenge 2013"]
[Site "Ballerup"]
[Date "2013.??.??"]
[Round "8"]
[White "Bekker Jensen, Simon"]
[Black "Brynell, Stellan"]
[Result "1/2-1/2"]
[WhiteElo "2412"]
[BlackElo "2478"]
[PlyCount "47"]
[EventDate "2013.??.??"]
[EventType "swiss"]
[EventRounds "9"]
[EventCountry "DEN"]

1. d4 e6 2. c4 Nf6 3. Nc3 Bb4 4. e3 O-O 5. Nge2 c6 6. a3 Ba5 7. Ng3 d5 8. Bd3
dxc4 9. Bxc4 c5 10. O-O cxd4 11. exd4 Nc6 12. Be3 Bb6 13. Nge2 Nd5 14. Nxd5
exd5 15. Ba2 Bg4 16. h3 Bxe2 17. Qxe2 Nxd4 18. Qd2 Ne6 19. Bxd5 Bxe3 20. fxe3
Qb6 21. Qf2 Rad8 22. Rad1 Rd7 23. Qf3 h6 24. Kh1 1/2-1/2

[Event "Copenhagen Chess Challenge 2013"]
[Site "Ballerup"]
[Date "2013.??.??"]
[Round "8"]
[White "Haubro, Martin"]
[Black "Georgiev, Vladimir"]
[Result "0-1"]
[WhiteElo "2179"]
[BlackElo "2559"]
[PlyCount "40"]
[EventDate "2013.??.??"]
[EventType "swiss"]
[EventRounds "9"]
[EventCountry "DEN"]

1. e4 c5 2. Nf3 Nc6 3. c3 d5 4. exd5 Qxd5 5. d4 Bf5 6. Be3 Nf6 7. Be2 cxd4 8.
cxd4 Bxb1 9. Qxb1 g6 10. O-O Bg7 11. Rc1 O-O 12. Rc5 Qd6 13. Qd3 Nd5 14. Qe4 e6
15. Qh4 Nxe3 16. fxe3 h6 17. Rac1 Rad8 18. Nd2 Nxd4 19. Bg4 Nf5 20. Bxf5 Qxd2
0-1

[Event "Copenhagen Chess Challenge 2013"]
[Site "Ballerup"]
[Date "2013.??.??"]
[Round "8"]
[White "Haub, Thorsten Michael"]
[Black "Hagen, Andreas Skytte"]
[Result "1-0"]
[WhiteElo "2458"]
[BlackElo "2400"]
[PlyCount "75"]
[EventDate "2013.??.??"]
[EventType "swiss"]
[EventRounds "9"]
[EventCountry "DEN"]

1. Nf3 Nf6 2. g3 d5 3. Bg2 c6 4. d3 Bg4 5. h3 Bh5 6. O-O Nbd7 7. Qe1 e5 8. e4
dxe4 9. dxe4 Bc5 10. b4 Be7 11. Nh4 O-O 12. Nf5 Re8 13. Nxe7+ Qxe7 14. a4 Nb6
15. Qc3 Rad8 16. Be3 Nfd7 17. Re1 f6 18. Nd2 Nf8 19. Bf1 Ne6 20. Nb3 Rd7 21.
Nc5 Nxc5 22. Bxc5 Qd8 23. b5 Qc7 24. bxc6 bxc6 25. a5 Nc8 26. Rab1 Nd6 27. a6
Bf7 28. Rb4 Qa5 29. Bxd6 Rxd6 30. Ra1 Qd8 31. Rb7 Qc8 32. Qc5 Rd7 33. Qxa7 Rxb7
34. Qxb7 Be6 35. Rb1 Qd8 36. a7 Bd7 37. Qb8 Qa5 38. Rb7 1-0

[Event "Copenhagen Chess Challenge 2013"]
[Site "Ballerup"]
[Date "2013.??.??"]
[Round "8"]
[White "Carstensen, Jacob"]
[Black "Bekker Jensen, David"]
[Result "1/2-1/2"]
[WhiteElo "2401"]
[BlackElo "2292"]
[PlyCount "126"]
[EventDate "2013.??.??"]
[EventType "swiss"]
[EventRounds "9"]
[EventCountry "DEN"]

1. d4 Nf6 2. c4 g6 3. Nc3 Bg7 4. e4 d6 5. f4 O-O 6. Nf3 Na6 7. Bd3 e5 8. fxe5
dxe5 9. d5 c5 10. O-O Ne8 11. Be3 Nd6 12. Qd2 Qe7 13. Rae1 b6 14. Nb5 Nxb5 15.
cxb5 Nc7 16. Bg5 Qd6 17. Bh6 c4 18. Bxg7 Kxg7 19. Bxc4 Qc5+ 20. Rf2 Qxc4 21.
Rc1 Qxa2 22. Rxc7 Qb1+ 23. Rf1 Qxe4 24. Ng5 Qd4+ 25. Qxd4 exd4 26. Nxf7 Bf5 27.
Ng5+ Kg8 28. Nxh7 Rf7 29. Rxf7 Kxf7 30. g4 Kg7 31. gxf5 Kxh7 32. fxg6+ Kxg6 33.
Rf4 d3 34. d6 Rd8 35. Rd4 Rd7 36. Kf2 Kf7 37. Ke3 Ke8 38. Kxd3 Rh7 39. h4 Kd7
40. Kc3 Rh5 41. Kb4 Rc5 42. Ka4 Rf5 43. b3 Rh5 44. b4 Rf5 45. Rg4 Kxd6 46. Rg7
Rf1 47. h5 Rh1 48. Rg6+ Kd5 49. h6 Rh3 50. Rc6 Ke5 51. Rc7 Rxh6 52. Rxa7 Kd5
53. Rd7+ Kc4 54. Rc7+ Kd5 55. Rc3 Rg6 56. Rd3+ Kc4 57. Rd8 Rh6 58. Rc8+ Kd5 59.
Kb3 Rh3+ 60. Rc3 Rxc3+ 61. Kxc3 Ke4 62. Kc4 Ke5 63. Kc3 Ke4 1/2-1/2

[Event "Copenhagen Chess Challenge 2013"]
[Site "Ballerup"]
[Date "2013.??.??"]
[Round "8"]
[White "Lokander, Martin"]
[Black "Semcesen, Daniel"]
[Result "0-1"]
[WhiteElo "2225"]
[BlackElo "2464"]
[PlyCount "88"]
[EventDate "2013.??.??"]
[EventType "swiss"]
[EventRounds "9"]
[EventCountry "DEN"]

1. Nf3 f5 2. d3 Nc6 3. e4 e5 4. d4 fxe4 5. Nxe5 Nf6 6. Bc4 d5 7. Bb5 Bd7 8. c4
a6 9. Bxc6 Bxc6 10. Nc3 Bb4 11. Qb3 Bxc3+ 12. bxc3 O-O 13. Ba3 Re8 14. cxd5
Bxd5 15. c4 Be6 16. Qc3 c6 17. O-O Rc8 18. f3 b5 19. Bc5 exf3 20. Qxf3 Bxc4 21.
Nxc4 bxc4 22. Rab1 Qd7 23. Rb6 Ne4 24. Rc1 c3 25. h3 Rcd8 26. Rxa6 Nxc5 27.
dxc5 Qd4+ 28. Kh2 Re3 29. Ra4 Qd2 30. Qf1 Rf8 31. Qc4+ Kh8 32. Rf1 Ree8 33.
Rxf8+ Rxf8 34. Ra7 c2 35. Rf7 Rd8 36. Qg4 Qc3 37. Qg5 Qd4 38. Rf1 h6 39. Qc1
Qxc5 40. a4 Ra8 41. Qb2 Rxa4 42. Rf7 Rd4 43. Qb8+ Kh7 44. Qg3 Qg5 0-1

[Event "Copenhagen Chess Challenge 2013"]
[Site "Ballerup"]
[Date "2013.??.??"]
[Round "8"]
[White "Sylvan, Jacob"]
[Black "Arvola, Benjamin"]
[Result "0-1"]
[WhiteElo "2341"]
[BlackElo "2358"]
[PlyCount "132"]
[EventDate "2013.??.??"]
[EventType "swiss"]
[EventRounds "9"]
[EventCountry "DEN"]

1. d4 Nf6 2. c4 e6 3. g3 d5 4. Nf3 dxc4 5. Bg2 Bd7 6. Ne5 Bc6 7. Nxc6 Nxc6 8.
Qa4 Qd7 9. O-O Nb4 10. Qxd7+ Nxd7 11. Na3 O-O-O 12. Bd2 Nb6 13. Rfc1 Rxd4 14.
Be3 Rd7 15. Bxb6 axb6 16. Nxc4 Bc5 17. a3 Nc6 18. e3 Be7 19. Bxc6 bxc6 20. Ne5
Rd2 21. Rxc6 Bf6 22. Nf3 Rd7 23. Rc2 Rhd8 24. e4 Kb7 25. Kg2 c5 26. h4 h6 27.
Kf1 Kc6 28. Ke2 Kb5 29. Rac1 Ka4 30. Rc4+ Kb5 31. R1c2 Ra7 32. b4 Ra4 33. Nd2
Bd4 34. bxc5 bxc5 35. Rc1 Rxa3 36. R4c2 Kc6 37. Nf3 Ra5 38. Rd1 Kb6 39. Ne5 Ra4
40. Nc4+ Kb5 41. Ne5 f6 42. Nd3 Rda8 43. Rb1+ Kc6 44. Rbc1 R8a5 45. Nf4 Kd6 46.
Nh5 g5 47. hxg5 hxg5 48. f4 g4 49. f5 exf5 50. exf5 Ra3 51. Kf1 Rf3+ 52. Kg2
Raa3 53. Rb1 Rxf5 54. Nf4 Kc6 55. Rd1 Rc3 56. Ra2 Be5 57. Ne2 Re3 58. Rc1 Rff3
59. Rc4 Bxg3 60. Nd4+ Kd5 61. Nxf3 gxf3+ 62. Kxg3 Kxc4 63. Ra6 Kb3 64. Rxf6 c4
65. Kf2 Rd3 66. Rb6+ Kc2 0-1

[Event "Copenhagen Chess Challenge 2013"]
[Site "Ballerup"]
[Date "2013.??.??"]
[Round "8"]
[White "Johansson, Linus"]
[Black "Hansen, Mads"]
[Result "0-1"]
[WhiteElo "2348"]
[BlackElo "2301"]
[PlyCount "136"]
[EventDate "2013.??.??"]
[EventType "swiss"]
[EventRounds "9"]
[EventCountry "DEN"]

1. d4 Nf6 2. c4 e6 3. Nc3 Bb4 4. e3 d5 5. Bd3 c5 6. Nf3 O-O 7. O-O Nc6 8. a3
Bxc3 9. bxc3 Qc7 10. Bb2 Re8 11. h3 Na5 12. cxd5 exd5 13. Ne5 c4 14. Bb1 Ne4
15. Re1 Be6 16. Ra2 Nc6 17. Nxc4 f5 18. Nd2 Na5 19. Nf3 Rac8 20. Bd3 Re7 21.
Ne5 Qb6 22. Ba1 Nxc3 23. Bxc3 Rxc3 24. Qh5 Qb3 25. Rd2 Qxa3 26. Bxf5 Bxf5 27.
Qxf5 Qd6 28. Rd3 g6 29. Qg5 Rxd3 30. Nxd3 Nc4 31. Nf4 Rd7 32. h4 Nd2 33. f3 Kf7
34. Nd3 Nc4 35. Nc5 Re7 36. h5 b6 37. Nd3 Ke8 38. Kf2 Qa3 39. hxg6 hxg6 40.
Qxg6+ Kd8 41. Qg8+ Kc7 42. Qg5 a5 43. Qf4+ Kb7 44. Qg5 Qd6 45. Nf4 Rd7 46. Qf5
a4 47. Qc2 a3 48. Rb1 Nxe3 49. Kxe3 Re7+ 50. Kf2 Qxf4 51. Qc3 Qh4+ 52. Kg1 a2
53. Rc1 Qf4 54. Qc6+ Ka7 55. Qa4+ Kb8 56. Rf1 Qe3+ 57. Rf2 Qc1+ 58. Rf1 Re1 59.
Qe8+ Rxe8 60. Rxc1 Re2 61. Kh2 Rb2 62. Ra1 b5 63. f4 Kc7 64. Kh3 b4 65. f5 b3
66. f6 Rf2 67. g4 Rxf6 68. g5 Rc6 0-1

[Event "Copenhagen Chess Challenge 2013"]
[Site "Ballerup"]
[Date "2013.??.??"]
[Round "8"]
[White "Fries Nielsen, Jens Ove"]
[Black "Hagen, Anders Gjerdrum"]
[Result "0-1"]
[WhiteElo "2373"]
[BlackElo "2134"]
[PlyCount "66"]
[EventDate "2013.??.??"]
[EventType "swiss"]
[EventRounds "9"]
[EventCountry "DEN"]

1. Nc3 d5 2. f4 g6 3. Nf3 Bg7 4. d3 d4 5. Ne4 Nf6 6. c3 Nxe4 7. dxe4 dxc3 8.
Qxd8+ Kxd8 9. e5 cxb2 10. Bxb2 c5 11. O-O-O+ Kc7 12. e3 Nc6 13. Bc4 f6 14. e6
Nd8 15. Ng5 Rg8 16. Rxd8 Rxd8 17. a4 b6 18. Nf7 Bb7 19. Nxd8 Rxd8 20. h4 Bxg2
21. Rg1 Bd5 22. Bxd5 Rxd5 23. e4 Rd8 24. Kb1 Bh6 25. f5 gxf5 26. exf5 Rd5 27.
Bc3 Kd6 28. Rf1 Bd2 29. Bb2 a6 30. Kc2 Bh6 31. Bc3 b5 32. Be1 Ke5 33. Bc3+ Ke4
0-1

[Event "Copenhagen Chess Challenge 2013"]
[Site "Ballerup"]
[Date "2013.??.??"]
[Round "8"]
[White "Smith, Axel"]
[Black "Villegas, Pierre"]
[Result "1-0"]
[WhiteElo "2467"]
[BlackElo "2281"]
[PlyCount "65"]
[EventDate "2013.??.??"]
[EventType "swiss"]
[EventRounds "9"]
[EventCountry "DEN"]

1. d4 d5 2. c4 e6 3. Nc3 Be7 4. Nf3 Nf6 5. Bf4 O-O 6. a3 Nbd7 7. Nb5 Ne8 8. e3
dxc4 9. Bxc4 a6 10. Nc3 b5 11. Bd3 c5 12. Be4 Ra7 13. O-O Nef6 14. Bc2 Bb7 15.
e4 cxd4 16. Qxd4 Bc5 17. Qd3 Nh5 18. Bg5 Qc7 19. Rad1 Ne5 20. Qe2 g6 21. Nxe5
Qxe5 22. Be3 Bc8 23. f4 Qc7 24. e5 Qb6 25. Bxc5 Qxc5+ 26. Qf2 Qxf2+ 27. Rxf2 f6
28. g4 Ng7 29. Ne4 fxe5 30. fxe5 Rc7 31. Nf6+ Kh8 32. Bb3 Rc5 33. Ne4 1-0

[Event "Copenhagen Chess Challenge 2013"]
[Site "Ballerup"]
[Date "2013.??.??"]
[Round "8"]
[White "Aabling Thomsen, Jakob"]
[Black "Schou Moldt, Thomas"]
[Result "1-0"]
[WhiteElo "2320"]
[BlackElo "2220"]
[PlyCount "37"]
[EventDate "2013.??.??"]
[EventType "swiss"]
[EventRounds "9"]
[EventCountry "DEN"]

1. e4 c5 2. Nf3 Nc6 3. Bb5 g6 4. O-O Bg7 5. c3 Qb6 6. Na3 Nh6 7. d4 O-O 8. h3
a6 9. dxc5 Qxc5 10. Be3 Qh5 11. Be2 f6 12. Ng5 Qh4 13. g3 Qxg5 14. Bxg5 fxg5
15. Nc4 d6 16. Nb6 Bxh3 17. Nxa8 Bxf1 18. Kxf1 Rxa8 19. Qb3+ 1-0

[Event "Copenhagen Chess Challenge 2013"]
[Site "Ballerup"]
[Date "2013.??.??"]
[Round "8"]
[White "Rydstrom, Tom"]
[Black "Jacobsen, Bo"]
[Result "0-1"]
[WhiteElo "2149"]
[BlackElo "2310"]
[PlyCount "90"]
[EventDate "2013.??.??"]
[EventType "swiss"]
[EventRounds "9"]
[EventCountry "DEN"]

1. e4 e5 2. Nf3 d6 3. Nc3 Nf6 4. Bc4 Be7 5. d4 exd4 6. Nxd4 O-O 7. O-O Re8 8.
a4 Nbd7 9. h3 Bf8 10. Re1 c6 11. a5 a6 12. f4 b5 13. Nxc6 Qc7 14. Bd5 Nxd5 15.
exd5 Rxe1+ 16. Qxe1 Nf6 17. Be3 Nxd5 18. Nxd5 Qxc6 19. Qd2 Bb7 20. Nb4 Qe4 21.
Nd3 h5 22. Re1 Qf5 23. b3 Re8 24. Bd4 Re4 25. Rxe4 Qxe4 26. Qf2 Be7 27. Bc3 Bh4
28. Qd2 Bg3 29. Bb4 h4 30. Kf1 Qd4 31. Bc3 Qd5 32. Qe2 Qf5 33. Qg4 Qxg4 34.
hxg4 Be4 35. Nb4 Bb7 36. Bd2 Kf8 37. c3 Ke7 38. f5 Kf6 39. Nd3 Bc8 40. Nf4 Kg5
41. Nh5+ Kxg4 42. Nxg7 Bd7 43. c4 Be5 44. Bh6 bxc4 45. bxc4 Bc3 0-1